National Rubber Conference rubtech '94. Cochin 14 & 15 November 1994 (Record no. 43868)
[ view plain ]
| 000 -LEADER | |
|---|---|
| fixed length control field | 00356nam a2200121Ia 4500 |
| 082 ## - DEWEY DECIMAL CLASSIFICATION NUMBER | |
| Classification number | NR:063RT`1994' |
| Item number | IRI |
| 245 #0 - TITLE STATEMENT | |
| Title | National Rubber Conference rubtech '94. Cochin 14 & 15 November 1994 |
| 260 ## - PUBLICATION, DISTRIBUTION, ETC. (IMPRINT) | |
| Place of publication | Cochin |
| Name of publisher | IRI |
| Year of publication | 1994 |
| 650 ## - SUBJECT ADDED ENTRY--TOPICAL TERM | |
| Topical Term | Indian rubber industry |
| 650 ## - SUBJECT ADDED ENTRY--TOPICAL TERM | |
| Topical Term | Rubberized asphalt |
| 942 ## - ADDED ENTRY ELEMENTS (KOHA) | |
| Koha item type | Books |
| Withdrawn status | Lost status | Damaged status | Not for loan | Home library | Current library | Date acquired | Source of acquisition | Full call number | Accession Number | Koha item type |
|---|---|---|---|---|---|---|---|---|---|---|
| RRII Library | RRII Library | 16/12/2021 | Gift | NR:063RT`1994' IRI | G00617 | Books |